Central Library OPAC University of Rajshahi

নজরুলগীতি প্রসঙ্গ / (Record no. 64730)

MARC details
000 -LEADER
fixed length control field 00876nam a2200229 a 4500
001 - CONTROL NUMBER
control field 64730
003 - CONTROL NUMBER IDENTIFIER
rucl marc code BD-RjUL
005 - DATE AND TIME OF LATEST TRANSACTION
control field 20211209081337.0
008 - FIXED-LENGTH DATA ELEMENTS--GENERAL INFORMATION
fixed length control field 170219s1978 bg |||| |||| 000 0 ben d
020 ## - INTERNATIONAL STANDARD BOOK NUMBER
Terms of availability : Tk. 25.00
035 ## - SYSTEM CONTROL NUMBER
System control number (BD-RjUL)64860
040 ## - CATALOGING SOURCE
Original cataloging agency BD-RjUL
Language of cataloging ben
Transcribing agency BD-RjUL
Modifying agency BD-RjUL
041 ## - LANGUAGE CODE
Language code of text/sound track or separate title ben
082 ## - DEWEY DECIMAL CLASSIFICATION NUMBER
Edition number 23
Classification number 891.4415
Author mark and year GON 1978
100 1# - MAIN ENTRY--PERSONAL NAME
Personal name গোস্বামী, করুণাময়
9 (RLIN) 177242
245 1# - TITLE STATEMENT
Title নজরুলগীতি প্রসঙ্গ /
Statement of responsibility, etc. করুণাময় গোস্বামী
260 ## - PUBLICATION, DISTRIBUTION, ETC. (IMPRINT)
Place of publication, distribution, etc. ঢাকা :
Name of publisher, distributor, etc. বাংলা একাডেমী ;
Date of publication, distribution, etc. ১৯৭৮ [১৩৮৪]
300 ## - PHYSICAL DESCRIPTION
Pagination ৩৩৪ পৃ. ;
Size ১৯ সেমি.
600 ## - SUBJECT ADDED ENTRY--PERSONAL NAME
Personal name নজরুল ইসলাম, কাজী,
Dates associated with a name ১৮৯৯-১৯৭৬
Personal name Nazrul Islam, Kazi,
Dates associated with a name 1899-1976
942 ## - ADDED ENTRY ELEMENTS (KOHA)
Source of classification or shelving scheme Dewey Decimal Classification
Koha item type Books
Holdings
Lost status Source of classification or shelving scheme Damaged status Not for loan Collection code Permanent Location Current Location Shelving location Date acquired Source of acquisition Cost, normal purchase price Total Checkouts Full call number Date last seen Copy number Koha item type
  Dewey Decimal Classification   Not For Loan Non-fiction Central Library, University of Rajshahi Central Library, University of Rajshahi Reading Room 09/08/1983 Nowrj kittan 25.00   B 891.4415 GON 1978 19/02/2017 C-1 Books